Maximalisté vs. uspokojovači aneb proč méně může být více
Odstránenie vonkajších obmedzení v podobe nedostatku tovarov a takmer neexistujúce limity v rozmanitosti súčasnej ponuky tovarov a služieb. Empirické štúdie sledujúce klesajúcu mieru pocitu spokojnosti a rastúcu úroveň sklamania, rozčarovania a ľútosti u skupín spotrebiteľov. Ťažká situácia rozhodov...
Saved in:
| Main Author: | |
|---|---|
| Format: | Book Chapter |
| Language: | Czech |
| Subjects: | |
| Tags: |
No Tags, Be the first to tag this record!
|
MARC
| LEADER | 00000naa a2200000 4500 | ||
|---|---|---|---|
| 001 | 0253003 | ||
| 005 | 20190410105500.7 | ||
| 041 | 0 | |a cze | |
| 044 | |a CZ | ||
| 245 | 1 | 0 | |a Maximalisté vs. uspokojovači aneb proč méně může být více |c Ondřej Roubal |
| 520 | |a Odstránenie vonkajších obmedzení v podobe nedostatku tovarov a takmer neexistujúce limity v rozmanitosti súčasnej ponuky tovarov a služieb. Empirické štúdie sledujúce klesajúcu mieru pocitu spokojnosti a rastúcu úroveň sklamania, rozčarovania a ľútosti u skupín spotrebiteľov. Ťažká situácia rozhodovania a voľby v prostredí rastúcej ponuky. Maximalisti a uspokojovači v procese nákupného rozhodovania. Maximalisti vystavení riziku sebaobviňovania z rozhodnutí a riziku veľkej miery individuálnej zodpovednosti. Istota najlepšej voľby sa mení v neistotu plnú pochybností. | ||
| 610 | 2 | 0 | |a spotrebitelia |
| 610 | 2 | 0 | |a správanie spotrebiteľa |
| 610 | 2 | 0 | |a rozhodovanie nákupné |
| 610 | 2 | 0 | |a tovar |
| 610 | 2 | 0 | |a služby |
| 610 | 2 | 0 | |a ponuka |
| 610 | 2 | 0 | |a zodpovednosť |
| 610 | 2 | 0 | |a spoločnosť konzumná |
| 100 | 1 | |a Roubal, Ondřej | |